000 00679nam a2200277Ia 4500
005 20260324135523.0
008 008 260324s9999 xx 000 0 eng d
020 _a9781315838915
037 _aEBOOK
040 _aCRL
040 _beng
040 _cCRL
041 _2eng
041 _aeng
084 _qCRL
100 _aMuriel E. Chamberlain
_91200921
245 0 _aLongman Companion to the Formation of the European Empires, 1488-1920
260 _bTaylor and Francis
260 _c2000
365 _a
365 _b145
856 _uhttp://www.taylorfrancis.com/books/9781315838915
942 _cEBOOK
999 _c1802051
_d1802051